| 000 | 00376pab a2200157 454500 | ||
|---|---|---|---|
| 008 | 180718b2004 xxu||||| |||| 00| 0 eng d | ||
| 100 | _aRich, Paul | ||
| 245 | _aTeaching Canada in Mexico | ||
| 260 | _c2004 | ||
| 300 | _ap.1278-284. | ||
| 362 | _aJun | ||
| 650 | _aTeaching | ||
| 700 | _aReyes, Gullermo Delos | ||
| 773 | _aAmerican Behavioral Scientist | ||
| 909 | _a60536 | ||
| 999 |
_c60536 _d60536 |
||